logo

Bir Sreshtho Munshi Abdur Rouf Library
Jhenaidah Cadet College

মধ্যযুগের বাঙলায় মুসলিম নীতিশাস্ত্র কথা / (Record no. 3118)

MARC details
000 -LEADER
fixed length control field 00771nam a2200217 a 4500
001 - CONTROL NUMBER
JCCL Control Number 3118
003 - CONTROL NUMBER IDENTIFIER
JCCL marc code BD-JhCC
005 - DATE AND TIME OF LATEST TRANSACTION
control field 20171113191523.0
008 - FIXED-LENGTH DATA ELEMENTS--GENERAL INFORMATION
fixed length control field 171109s1987 bg ||||| |||| 00| 0 ben d
035 ## - SYSTEM CONTROL NUMBER
system control number (BD-JhCC)3118
040 ## - CATALOGING SOURCE
Original cataloging agency BD-JhCC
Modifying agency BD-JhCC
041 ## - LANGUAGE CODE
Language code of Book ben
082 ## - DEWEY DECIMAL CLASSIFICATION NUMBER
Classification number 891.4409
Author mark and Year HAQ 1987
100 ## - MAIN ENTRY--PERSONAL NAME
Personal name হক, খন্দকার মুজাম্মিল
245 ## - TITLE STATEMENT
Title মধ্যযুগের বাঙলায় মুসলিম নীতিশাস্ত্র কথা /
Statement of responsibility, etc খন্দকার মুজাম্মিল হক
260 ## - PUBLICATION, DISTRIBUTION, ETC. (IMPRINT)
Place of publication, distribution, etc ঢাকা :
Name of publisher, distributor, etc বাংলা একাডেমী,
Date of publication, distribution, etc 1987.
300 ## - PHYSICAL DESCRIPTION
Pagination 344 p. :
Dimensions 21 cm.
650 ## - SUBJECT ADDED ENTRY--TOPICAL TERM
Topical term or geographic name as entry element Islamic didacticism in medieval bengali
942 ## - ADDED ENTRY ELEMENTS (KOHA)
Source of classification or shelving scheme Dewey Decimal Classification
Koha item type Books
Holdings
Source of classification or shelving scheme Damaged status Not for loan Home library Current library Shelving location Date of accession Cost, normal purchase price Total Checkouts Full call number Barcode Date last seen Copy number Koha item type
Dewey Decimal Classification     JCC Rouf Library JCC Rouf Library General Stacks 11/13/2017 120.00   891.4409 HAQ 1987 3747 11/13/2017 C-1 Books

JCC Library | Contacts | JCC Home

Last Update on 23 September 2017
Copyright @ 2017-2020 JCC Rouf Library
Rouf Library, Jhenidah Cadet College (JCC), Bangladesh